000 00458nam a2200145Ia 4500
008 100122s9999 xx 000 0 und d
082 _b25414
_a181.4
100 _aबेलसरे केशव वि
245 _aआनंद साधना
260 _bबुकसेलर्स आणि पब्लिशर्स
_c1977
300 _a156
630 _aआनंद साधना
730 _aआनंद साधना
942 _cBOOK
999 _c412204
_d412201